00578nam a2200193Ia 4500001001000000003000500010008004100015010001100056040000900067082002100076100002100097245011300118250000800231260005000239300001200289650003900301700002000340700002400360Para_1990CHAP220125s1948 xx 000 0 und d a200585 cCHAP aPA 589.9 B4 1948 aBreed, Robert S. aBergey´s manual of determinative bacteriology /c by Robert S. Breed, E.G.D. Murray and A. Parker Hitchens a6a. aBaltimore :b The Williams & Wilkins company a1529 p. aBacteriología x clasificación aMurray, E.G.C.  aParker Hitchens, A.